[Event "Landsturneringen 2014"]
[Site "Trondheim, Sør-Trøndelag NOR"]
[Date "2014.07.17"]
[Round "7"]
[White "Thrana, Svein Arne"]
[Black "Lea, Per"]
[Result "1-0"]
[WhiteElo "1698"]
[BlackElo "1661"]
[Annotator "Lea, Per"]
[PlyCount "39"]
[EventDate "2014.07.12"]

1. e4 e5 2. Nc3 Nf6 3. f4 d5 4. Nxd5 Nxe4 5. c4 Bc5 6. d4 exd4 $2 (6... Bxd4 7.
Nf3 c6 8. Ne3 Qa5+ 9. Bd2 Nxd2 10. Qxd2 Qxd2+ 11. Kxd2 Bxb2 12. Re1) 7. b4 $2
c6 $2 (7... Nc3 8. Nxc3 (8. Qd3 Nxd5 9. bxc5) 8... Bxb4) 8. Nf3 $2 Bf8 (8...
Bd6 9. c5 Bf8 10. Ne5 Be6 $19) 9. Qxd4 cxd5 10. c5 Nc6 11. Bb5 a6 12. Bxc6+
bxc6 13. O-O a5 14. a3 Qf6 15. Ne5 Be7 16. Bb2 Bb7 17. Rae1 axb4 (17... O-O $1
$19) 18. Rxe4 bxa3 19. Ba1 Bxc5 $4 (19... Ba6 20. Ree1 Bxf1 21. Kxf1 Ra7 $19)
20. Ng4+ 1-0

[Event "Landsturneringen 2014"]
[Site "Trondheim, Sør-Trøndelag NOR"]
[Date "2014.07.17"]
[Round "7"]
[White "Bakken, Svein-Erik"]
[Black "Røset, John"]
[Result "1/2-1/2"]
[WhiteElo "1401"]
[BlackElo "1349"]
[PlyCount "102"]
[EventDate "2014.07.12"]

1. d4 d5 2. c4 e6 3. Nc3 Nf6 4. Nf3 Be7 5. Bg5 b6 6. e3 Bb7 7. cxd5 exd5 8. Be2
O-O 9. O-O Nbd7 10. Rc1 c5 11. dxc5 Nxc5 12. Nd4 a6 13. Bf3 Re8 14. Nf5 Nce4
15. Nxe7+ Qxe7 16. Bh4 Rad8 17. Qd4 Qc5 18. Rfd1 Qxd4 19. Rxd4 g5 20. Bxe4 Nxe4
21. Nxe4 Rxe4 22. Bxg5 Rxd4 23. exd4 Rc8 24. Rxc8+ Bxc8 25. Bf6 b5 26. f4 h5
27. Kf2 Kh7 28. Kg3 Kg6 29. Be7 Bf5 30. Kh4 Bg4 31. h3 Be2 32. g4 hxg4 33. hxg4
f5 34. g5 a5 35. Bd8 a4 36. Ba5 Bh5 37. Kg3 Kf7 38. Kf2 Ke6 39. Ke3 Kd6 40. Kd3
Kc6 41. Kc3 Bg6 42. Kb4 Bh5 43. b3 axb3 44. Kxb3 Bg6 45. Kb4 Bh5 46. a4 bxa4
47. Kxa4 Kd6 48. Kb5 Ke6 49. Kc5 Bg6 50. Bb4 Bh5 51. Kc6 Bg6 1/2-1/2

[Event "Landsturneringen 2014"]
[Site "Trondheim, Sør-Trøndelag NOR"]
[Date "2014.07.17"]
[Round "7"]
[White "Vangen, David Lungtep"]
[Black "Thorvaldsen, Thomas"]
[Result "0-1"]
[WhiteElo "751"]
[BlackElo "1058"]
[PlyCount "42"]
[EventDate "2014.07.12"]

1. e4 e5 2. Nf3 Nc6 3. Nc3 Nf6 4. d4 Bd6 (4... exd4 5. Nxd4 (5. e5 $2 dxc3 6.
exf6 Qxf6 7. Qe2+ Be7 $17) 5... Bb4 6. Nxc6 bxc6 7. Bd3 O-O $11) 5. d5 Ne7 6.
Bg5 c6 7. Bxf6 gxf6 8. Qd2 Qb6 9. b3 $2 Bb4 $1 10. d6 Ng6 $2 (10... Qa5 $1 $18)
11. Ke2 $2 (11. O-O-O Qa5 12. Kb2 $11) 11... Qa5 12. Kd3 Nf4+ 13. Ke3 Qc5+ 14.
Nd4 Bxc3 15. Qd1 Bxd4+ 16. Kf3 f5 $1 17. b4 fxe4+ 18. Kg3 Rg8+ 19. Kh4 Qxd6 20.
c3 Qh6+ (20... Qf6# $1) 21. Qh5 Qxh5# 0-1

[Event "Landsturneringen 2014"]
[Site "Trondheim, Sør-Trøndelag NOR"]
[Date "2014.07.17"]
[Round "7"]
[White "Lange, Magnus Øyvind"]
[Black "Shehzad, Alisha"]
[Result "1-0"]
[WhiteElo "655"]
[BlackElo "543"]
[PlyCount "141"]
[EventDate "2014.07.12"]

1. e4 e5 2. Nf3 Nc6 3. Bc4 h6 4. Nc3 Nf6 5. d3 Bc5 6. O-O O-O 7. Re1 d6 8. h3
Be6 9. Be3 Bb6 10. Bb3 Qe7 11. Nd5 Bxd5 12. Bxd5 Nxd5 13. exd5 Nd8 14. d4 Qf6
15. dxe5 dxe5 16. Nxe5 Qd6 17. Bxb6 axb6 18. Nc4 Qc5 19. Ne5 Re8 20. Nd7 Rxe1+
21. Qxe1 Qxd5 22. Qe8+ Kh7 23. Nf8+ Kg8 24. Nd7+ Kh7 25. Ne5 h5 26. c4 Qe6 27.
Qxe6 fxe6 28. g4 Kh6 29. Rd1 g6 30. Rxd8 Rxd8 31. Nf7+ Kg7 32. Nxd8 e5 33. Ne6+
Kf6 34. Nxc7 hxg4 35. hxg4 Ke7 36. Nd5+ Kd6 37. Nxb6 Kc5 38. Nd7+ Kd6 39. Nb6
Kc5 40. Nd7+ Kd6 41. Nf6 Ke6 42. Ne4 Kd7 43. Kf1 Kc6 44. Ke1 Kb6 45. Kd2 Kc6
46. Kc3 b6 47. b4 Kc7 48. c5 b5 49. Kb3 Kb7 50. a4 Kc6 51. Nc3 bxa4+ 52. Kxa4
Kb7 53. Ka5 Kc6 54. b5+ Kxc5 55. Ka6 Kd4 56. b6 Kxc3 57. b7 g5 58. b8=Q Kd4 59.
Kb6 Ke4 60. Qf8 Kd4 61. Qf5 e4 62. Qxg5 Kd3 63. Qe3+ Kc4 64. Qxe4+ Kc3 65. Qd5
Kc2 66. Kc6 Kc3 67. Kc5 Kc2 68. Kc4 Kb2 69. Qd3 Kc1 70. Qe2 Kb1 71. Kb3 1-0

[Event "Landsturneringen 2014"]
[Site "Trondheim, Sør-Trøndelag NOR"]
[Date "2014.07.18"]
[Round "8"]
[White "Lange, David"]
[Black "Monsøy, Arild Edin"]
[Result "0-1"]
[WhiteElo "1817"]
[BlackElo "1799"]
[PlyCount "146"]
[EventDate "2014.07.12"]

1. d4 Nf6 2. Nf3 g6 3. c4 Bg7 4. Nc3 O-O 5. Bf4 d6 6. e3 h6 7. Be2 Nh5 8. Bg3
Nxg3 9. hxg3 Bg4 10. Qb3 b6 11. Nd2 Bxe2 12. Nxe2 c5 13. O-O Nc6 14. Nf3 Rc8
15. Rac1 Qc7 16. Qd1 e6 17. b3 Rfd8 18. Nc3 Ne7 19. d5 e5 20. e4 f5 21. Nd2 Qd7
22. Re1 Rf8 23. Qc2 Rf7 24. Qb2 Rcf8 25. Qa3 f4 26. gxf4 Rxf4 27. f3 R4f7 28.
Qa4 Qd8 29. Re2 h5 30. b4 Bh6 31. bxc5 bxc5 32. Rb1 Nc8 33. Qd1 Qh4 34. Qe1 Qg5
35. Rb8 Qf6 36. Qg3 Nb6 37. Rxf8+ Rxf8 38. Ncb1 Kh7 39. Na3 Na4 40. Ndb1 Rb8
41. Qh3 Qe7 42. g4 h4 43. Kh1 Bg5 44. Qg2 a6 45. Rc2 Qb7 46. Nc3 Qb4 47. Nxa4
Qxa3 48. Nc3 Qb4 49. Qe2 Qa3 50. Kg2 Kg7 51. Kh3 Qb4 52. Qd3 Qb7 53. Qe2 Qf7
54. Qd3 Rb4 55. Rf2 Kh6 56. Ne2 Rb2 57. a3 Qb7 58. Qc3 Rb3 59. Qa5 Qf7 60. Kg2
Be3 61. Rf1 Rb2 62. Qe1 g5 63. Kh3 Rb3 64. Qa5 Rb2 65. Qe1 Bf4 66. Rf2 Rb3 67.
Qa5 Be3 68. Rf1 Rb2 69. Qe1 Qb7 70. Ng3 hxg3 71. Qxe3 g2 72. Rg1 Kg6 73. Rxg2
Qh7+ 0-1

[Event "Landsturneringen 2014"]
[Site "Trondheim, Sør-Trøndelag NOR"]
[Date "2014.07.18"]
[Round "8"]
[White "Liabøtrø, Ola"]
[Black "Furnes, Torstein"]
[Result "1-0"]
[WhiteElo "1725"]
[BlackElo "1609"]
[Annotator "Furnes,Torstein"]
[PlyCount "41"]
[EventDate "2014.07.12"]

1. e4 c5 2. Nf3 Nc6 3. d4 cxd4 4. Nxd4 e5 5. Nb5 d6 6. N1c3 a6 7. Na3 b5 8. Nd5
Nf6 9. c4 bxc4 {Dette trekket spilles svært sjeldent. Hos Chesslive.de
fortsetter over halvparten av partiene med 9.-Sxd5, men også 9.-b4 spilles
ofte. F.eks.:} (9... b4 10. Nxf6+ Qxf6 11. Nc2 Be7 12. g3 h5 13. h3 Qg6 14. Bg2
h4 15. g4 O-O 16. O-O Be6 17. Ne3 Rac8 18. b3 Rfd8 19. a3 bxa3 20. Nf5 Bg5 21.
Rxa3 a5 22. Bb2 Rd7 23. Bc3 Bd8 24. Kh1 Qh7 25. f4 Bb6 26. Ra2 Bc5 27. Rd2 f6
28. Nxd6 Rb8 29. fxe5 fxe5 30. Nf5 g6 31. Nh6+ Kh8 32. Rf6 Rxd2 33. Bxd2 Qd7
34. Qe1 Kg7 35. Rf1 Rxb3 36. Bg5 Qd3 37. Nf7 Qg3 38. Qd2 Bxc4 39. Bf6+ {
Nakamura,H (2775)-Radjabov,T (2745) Stavanger 2013 1-0}) 10. Bxc4 Nxe4 {Dette
trekket er førstevalget til Fritz, og maskinen bedømmer stillingen som en
liten hvit fordel (+0.2).} 11. O-O $146 {Dermed er vi ute av den online
databasen til Chessbase.} ({Hos chesslive.de fortsetter et parti med} 11. Qf3
f5 12. O-O Nd4 13. Qd3 Nc5 14. Qd1 Be7 15. Be3 Nde6 16. Qf3 Rb8 17. b4 e4 18.
Qxf5 Ng5 19. Qf4 Nce6 20. Qg3 O-O 21. Nxe7+ Qxe7 22. Bxg5 Qd7 23. Rad1 Rb6 24.
Be3 Rxb4 25. Qxd6 Qxd6 26. Rxd6 Kf7 27. Bb3 Ke7 28. Rxe6+ Bxe6 29. Bc5+ {1-0 
(29) Consuegra,O (2041)-Cuervo,A Bogota 2011}) 11... Nc5 (11... Rb8) (11... Be7
) 12. Be3 Be7 $2 ({Bedre er} 12... Rb8) 13. Qf3 Bd7 $4 {Tapstrekket} ({Svarts
eneste mulighet er} 13... e4) 14. Nb4 $1 Qc7 15. Qxf7+ Kd8 16. Nd5 Be6 (16...
Qb7 {taper også} 17. Bxc5 dxc5 18. Nxe7 Nxe7 19. Rad1 $18) 17. Nxc7 Bxf7 18.
Nxa8 Bxc4 19. Nxc4 d5 20. Bxc5 Bxc5 21. Ncb6 1-0

[Event "Landsturneringen 2014"]
[Site "Trondheim, Sør-Trøndelag NOR"]
[Date "2014.07.18"]
[Round "8"]
[White "Ruud, Kjetil"]
[Black "Bråten, Martin"]
[Result "0-1"]
[WhiteElo "1325"]
[BlackElo "1288"]
[PlyCount "96"]
[EventDate "2014.07.12"]

1. e4 c5 2. Nf3 d6 3. Bc4 e6 4. c3 Nf6 5. Qe2 a6 6. d4 cxd4 7. cxd4 b5 8. Bd3
Qc7 9. O-O Bb7 10. h3 g6 11. Be3 $2 Bxe4 12. Ng5 Bxd3 13. Qxd3 Bg7 14. Nd2 O-O
15. Rac1 Qd7 16. Bf4 Nc6 17. a3 $2 Nd5 18. Bh2 Nxd4 19. Nde4 e5 20. f4 exf4 21.
Bxf4 Nxf4 22. Rxf4 f5 23. Ng3 h6 24. Nf3 Nxf3+ 25. Rxf3 Kh7 26. Qd5 $2 Bxb2 27.
Rcf1 Rac8 28. h4 Rc3 29. h5 Rxf3 30. Qxf3 Bd4+ 31. Kh1 Be5 32. hxg6+ Kxg6 33.
Qh5+ Kh7 34. Nxf5 Rf6 35. g4 Qc6+ 36. Kg1 Qc5+ 37. Kg2 Qd5+ 38. Rf3 Qd2+ 39.
Rf2 Qg5 40. Qe8 $2 Qxg4+ 41. Kf1 Qd1+ 42. Kg2 Rg6+ 43. Qxg6+ Kxg6 44. Nh4+ Kh5
45. Nf5 Qg4+ 46. Kf1 Kg5 47. Ne3 Qh3+ 48. Ke2 Bd4 0-1

[Event "Landsturneringen 2014"]
[Site "Trondheim, Sør-Trøndelag NOR"]
[Date "2014.07.18"]
[Round "8"]
[White "Skotheim, Håvard"]
[Black "Kjelstrup, Joachim"]
[Result "1-0"]
[WhiteElo "1102"]
[BlackElo "1090"]
[Annotator "Kjelstrup, Joachim"]
[PlyCount "115"]
[EventDate "2014.07.12"]

1. e4 c5 2. Nf3 d6 3. d4 cxd4 4. Nxd4 Nf6 5. Nc3 a6 6. Bc4 e6 7. Bg5 Be7 8.
Bxf6 Bxf6 9. O-O O-O 10. a4 Qb6 11. Nb3 Nd7 12. Qd2 Ne5 13. Be2 Be7 {forsvarer
bonden på d6} 14. a5 Qc7 15. Ra4 f5 16. f4 b5 17. Rd4 Nc4 18. Qc1 fxe4 19. Bxc4
bxc4 20. Nd2 d5 21. Ndb1 Bc5 22. Ne2 Bxd4+ 23. Nxd4 Qc5 24. Qd2 Rb8 25. g3 Rxb2
26. Kg2 Bd7 27. Qc3 Rfb8 28. Nb3 R2xb3 29. cxb3 Rxb3 30. Qc2 Qxa5 31. Nd2 Rd3
32. Rd1 Ba4 33. Qa2 e3 34. Nxc4 dxc4 35. Rxd3 {hva som skjer herfra og inn vil
jeg aldri kunne forklare...} Qb5 (35... Bc6+ {burde være mulig å se...}) 36.
Rxe3 Qc6+ 37. Kf2 c3 38. f5 Qd5 39. Qxa4 Qxf5+ 40. Rf3 Qc5+ 41. Kg2 h6 42. Qc2
Qc6 43. Qxc3 Qxc3 44. Rxc3 Kf7 45. Kf3 Kf6 46. Kf4 a5 47. Ra3 a4 48. h4 g5+ 49.
hxg5+ hxg5+ 50. Kg4 Kg6 51. Rxa4 Kf6 52. Ra5 Kg6 53. Rxg5+ Kf7 54. Kf4 Kf6 55.
g4 Kf7 56. Ke5 Ke7 57. Rg7+ Ke8 58. Kxe6 {svart ga opp} 1-0

[Event "Landsturneringen 2014"]
[Site "Trondheim, Sør-Trøndelag NOR"]
[Date "2014.07.18"]
[Round "8"]
[White "Lien, Johan"]
[Black "Thorvaldsen, Idun"]
[Result "0-1"]
[WhiteElo "997"]
[BlackElo "884"]
[Annotator "Thorvaldsen,Idun"]
[PlyCount "86"]
[EventDate "2014.07.12"]

1. d4 {[%emt 0:00:00]} Nf6 2. c4 e6 3. Nf3 d5 4. Nc3 b6 5. cxd5 exd5 6. Bg5 Be7
7. Bf4 c6 8. h3 O-O 9. e3 Re8 10. Bd3 Bd6 11. Be5 a6 12. O-O c5 13. Qc2 c4 14.
Bf5 Bxe5 15. dxe5 Bxf5 16. Qxf5 g6 $4 17. Qxf6 Qxf6 18. exf6 Rd8 19. Rad1 Nc6
20. Nxd5 b5 21. Ne7+ Nxe7 22. fxe7 Re8 23. Rd7 Kg7 24. Ng5 h6 25. Nf3 Kf6 26.
Rfd1 Rxe7 27. Rxe7 Kxe7 28. g4 Ke6 29. Nd4+ Kd5 30. Nf5+ Kc5 31. Nxh6 Ra7 32.
a3 b4 33. f4 bxa3 34. bxa3 c3 35. f5 Kc4 36. fxg6 fxg6 37. Rd4+ Kb3 38. Rd3 Kb2
39. Rd6 Rc7 40. Rxg6 c2 41. Rxa6 c1=Q+ 42. Kg2 Rc2+ 43. Kf3 Qf1+ 0-1

[Event "Landsturneringen 2014"]
[Site "Trondheim, Sør-Trøndelag NOR"]
[Date "2014.07.18"]
[Round "8"]
[White "Ruud, Svein E"]
[Black "Lea, Per"]
[Result "1-0"]
[WhiteElo "1502"]
[BlackElo "1661"]
[PlyCount "61"]
[EventDate "2014.07.12"]

1. c4 c5 2. Nc3 Nf6 3. g3 g6 4. Bg2 Bg7 5. Nf3 O-O 6. d3 e6 7. O-O d5 8. cxd5
exd5 9. h3 Nc6 10. Nd2 b6 11. Rb1 Bb7 12. a3 Qd7 13. Re1 Rfe8 14. e4 d4 15. Na2
Ne5 16. Nf3 Nxd3 $2 17. Qxd3 Bxe4 18. Rxe4 Rxe4 19. Ne5 Rxe5 $2 (19... Qf5 20.
Bxe4 Nxe4 21. Nf3 Re8 $15) 20. Bxa8 Qxh3 21. Qf1 Qh5 22. Bf4 Ng4 (22... Re2 $1
23. Nc1 Re8 24. Bg2 Ng4 25. Bh3 c4 $17) 23. Qg2 Re2 24. Bf3 Qf5 25. Rf1 Rxb2 $4
26. Bxg4 Qxg4 27. Qa8+ Bf8 28. Bd6 Kg7 29. Qxf8+ Kf6 30. Qe7+ Kf5 31. Re1 1-0

[Event "Landsturneringen 2014"]
[Site "Trondheim, Sør-Trøndelag NOR"]
[Date "2014.07.18"]
[Round "8"]
[White "Gabrielsen, Øyvind"]
[Black "Bakken, Svein-Erik"]
[Result "1-0"]
[WhiteElo "1383"]
[BlackElo "1401"]
[PlyCount "105"]
[EventDate "2014.07.12"]

1. e4 c5 2. Nf3 Nc6 3. d4 cxd4 4. Nxd4 a6 5. a3 e6 6. Nc3 Qc7 7. Be3 Nf6 8. Be2
Be7 9. f4 d6 10. g4 Na5 11. g5 Nd7 12. Qd2 Nc4 13. Bxc4 Qxc4 14. O-O-O b5 15.
b3 Qc7 16. Kb2 Bb7 17. Rhe1 Rc8 18. Ndxb5 axb5 19. Nxb5 Qd8 20. Nxd6+ Bxd6 21.
Qxd6 Qc7 22. Qxc7 Rxc7 23. Bd4 O-O 24. c4 Rfc8 25. a4 Nc5 26. Bxc5 Rxc5 27. Rd4
Kf8 28. e5 Ke7 29. Red1 R5c7 30. Rc1 f6 31. b4 fxe5 32. fxe5 Rd7 33. Rxd7+ Kxd7
34. Rd1+ Ke7 35. Kb3 Bf3 36. Rd4 Rd8 37. Kc3 Ra8 38. Kb3 Rd8 39. Rxd8 Kxd8 40.
b5 Kc7 41. Kb4 h5 42. a5 g6 43. a6 Kb8 44. Kc5 Ka7 45. Kb4 Be4 46. c5 Bd5 47.
c6 Kb8 48. Kc5 Ka7 49. Kd6 Kb8 50. Kd7 Ka7 51. c7 Bb7 52. c8=Q Bxc8+ 53. Kxc8
1-0

[Event "Landsturneringen 2014"]
[Site "Trondheim, Sør-Trøndelag NOR"]
[Date "2014.07.18"]
[Round "8"]
[White "Dahl, Ian"]
[Black "Lange, Magnus Øyvind"]
[Result "0-1"]
[WhiteElo "622"]
[BlackElo "655"]
[PlyCount "138"]
[EventDate "2014.07.12"]

1. e4 e5 2. Nf3 Nc6 3. Bc4 Nf6 4. Ng5 d5 5. exd5 Na5 6. d3 Nxc4 7. dxc4 c6 8.
Nc3 Bd7 9. Qe2 Bd6 10. O-O O-O 11. Re1 Re8 12. b3 b6 13. Bb2 Bg4 14. Qd3 Bh5
15. Nce4 Bg6 16. Qg3 h6 17. Nxd6 Qxd6 18. Bxe5 Qe7 19. Ne4 Nxe4 20. Rxe4 Qg5
21. Bf4 Qxg3 22. Rxe8+ Rxe8 23. Bxg3 cxd5 24. cxd5 Bxc2 25. Rc1 Rc8 26. d6 Bf5
27. Rd1 f6 28. d7 Rd8 29. Bb8 a6 30. Bc7 Rxd7 31. Rxd7 Bxd7 32. Bxb6 h5 33. a4
Kf7 34. a5 Ke6 35. Kf1 Kd5 36. Ke2 Bb5+ 37. Ke3 Bf1 38. g3 Ke5 39. f4+ Kd5 40.
b4 g5 41. fxg5 fxg5 42. Bd8 g4 43. Kf4 Ke6 44. Kg5 Kd7 45. Bb6 Kc6 46. Kxh5 Bh3
47. Kg5 Kb5 48. Kf5 Kxb4 49. Ke5 Kb5 50. Kd6 Bg2 51. h4 gxh3 52. Bg1 Kxa5 53.
g4 Kb4 54. g5 Be4 55. Ke5 Bc2 56. Kf6 a5 57. g6 Bxg6 58. Kxg6 a4 59. Bh2 a3 60.
Kg5 a2 61. Kg4 a1=Q 62. Bd6+ Kc4 63. Kxh3 Qc3+ 64. Bg3 Kd4 65. Kh4 Ke4 66. Bh2
Kf5 67. Bg3 Qf6+ 68. Kh5 Qg7 69. Bh4 Qh7# 0-1

[Event "Landsturneringen 2014"]
[Site "Trondheim, Sør-Trøndelag NOR"]
[Date "2014.07.18"]
[Round "8"]
[White "Thorvaldsen, Thomas"]
[Black "Langvik, Ulrikke"]
[Result "0-1"]
[WhiteElo "1058"]
[BlackElo "1054"]
[PlyCount "80"]
[EventDate "2014.07.12"]

1. d4 d5 2. c4 Nc6 3. Nf3 Nf6 4. Bg5 Bg4 5. e3 g6 6. Bxf6 exf6 7. cxd5 Qxd5 8.
Be2 Bb4+ 9. Nbd2 O-O 10. a3 Bd6 11. h3 Bd7 12. Bc4 Qh5 13. g4 Bxg4 14. Be2 Rfe8
15. Qb3 Rab8 16. Ng1 Bxe2 17. Nxe2 b5 18. Qc3 Ne7 19. Qa5 a6 20. Qxa6 Ra8 21.
Qb7 c6 22. Qd7 Qd5 23. e4 Qe6 24. Qxe6 fxe6 25. f4 e5 26. fxe5 fxe5 27. dxe5
Bxe5 28. Ra2 c5 29. Nf3 Bg7 30. Nc3 Bxc3+ 31. bxc3 Nc6 32. Rhh2 Rxe4+ 33. Kf1
Re3 34. Ng5 Rxc3 35. Rad2 Rcxa3 36. Rd5 Ra1+ 37. Kg2 R8a2+ 38. Kg3 Rg1+ 39. Kh4
Ra4+ 40. Ne4 Rxe4# 0-1

[Event "Landsturneringen 2014"]
[Site "Trondheim, Sør-Trøndelag NOR"]
[Date "2014.07.19"]
[Round "9"]
[White "Lange, David"]
[Black "Johansen, Lars"]
[Result "1/2-1/2"]
[WhiteElo "1817"]
[BlackElo "1814"]
[PlyCount "108"]
[EventDate "2014.07.12"]

1. d4 Nf6 2. Nf3 e6 3. e3 c5 4. c4 d5 5. Nc3 a6 6. Bd3 dxc4 7. Bxc4 b5 8. Be2
Nc6 9. O-O Bb7 10. b3 cxd4 11. Nxd4 Nxd4 12. Qxd4 Qxd4 13. exd4 Bb4 14. Bb2 Ke7
15. Rac1 Rhd8 16. Rfd1 Rac8 17. a4 Nd5 18. Na2 bxa4 19. bxa4 Ba5 20. Ba3+ Kf6
21. Bc5 Rc7 22. h4 Bc6 23. Bxa6 Bxa4 24. Rd3 Bc6 25. Rf3+ Kg6 26. Ra3 Bd2 27.
Rd1 Bf4 28. g3 Bd6 29. Rc1 Kf6 30. Rb3 Ke7 31. Nb4 Nxb4 32. Rxb4 Ra8 33. Rb6
Bxc5 34. Rxc5 Kd7 35. Kh2 g6 36. g4 Bd5 37. Bb5+ Kc8 38. Ba6+ Kd7 39. Kg3 Rxc5
40. dxc5 Kc7 41. g5 e5 42. Rd6 Bc6 43. Bc4 Ra3+ 44. Kh2 Ra4 45. Bxf7 Rxh4+ 46.
Kg3 Rh5 47. Kg4 Rh2 48. Bd5 Bxd5 49. Rxd5 Rg2+ 50. Kh4 Rxf2 51. Rxe5 Kc6 52.
Kg3 Rf7 53. Kg4 Rf1 54. Kg3 Rf7 1/2-1/2

[Event "Landsturneringen 2014"]
[Site "Trondheim, Sør-Trøndelag NOR"]
[Date "2014.07.19"]
[Round "9"]
[White "Furnes, Torstein"]
[Black "Rasdal, Yngve"]
[Result "1-0"]
[WhiteElo "1609"]
[BlackElo "1551"]
[Annotator "Furnes,Torstein"]
[PlyCount "111"]
[EventDate "2014.07.12"]

1. d4 d5 2. c4 c6 3. cxd5 cxd5 4. Nc3 Nf6 5. Nf3 Nc6 6. Bf4 a6 7. e3 Bg4 8. h3
Bh5 9. Be2 e6 10. Qb3 Qd7 $146 11. O-O Be7 12. Na4 Ra7 13. Nb6 Qd8 14. Rac1 O-O
15. Na4 Ne4 16. Rfd1 Na5 17. Qc2 b6 $2 18. Bc7 Rxc7 19. Qxc7 b5 20. Qxd8 Rxd8
21. Nc5 Nxc5 22. dxc5 Rb8 23. b4 Nc6 24. Rb1 Bf6 25. g4 Bg6 26. Bd3 Bxd3 27.
Rxd3 g6 28. a3 Kf8 29. Re1 Ne7 30. e4 dxe4 31. Rxe4 Nd5 32. Ne5 Bxe5 33. Rxe5
Kg7 34. Kh2 Kf6 35. Re1 Rb7 36. Kg3 Rb8 37. f4 Rb7 38. Rf1 Ke7 39. f5 gxf5 40.
gxf5 Rb8 41. fxe6 fxe6 42. Rdf3 Rg8+ 43. Kf2 Rg7 44. Rg1 Rxg1 45. Kxg1 Nf6 46.
Kf2 Ne4+ 47. Ke3 Nf6 48. Kd4 h6 49. c6 ({Hvit kunne også gitt tilbake
kvaliteten for å få et greit vunnet bondesluttspill:} 49. Rxf6 Kxf6 50. c6 Ke7
51. Ke5 Kd8 52. Kxe6 Kc7 53. Kd5 h5 54. h4 Kc8 55. Kd6 Kd8 56. c7+ Kc8 57. Kc6
a5 58. bxa5 b4 59. a6 bxa3 60. a7 a2 61. a8=Q#) 49... Ne8 50. Kc5 Nc7 51. Rd3
Nd5 52. Rxd5 exd5 53. Kxd5 Kd8 54. Kd6 h5 55. h4 Kc8 56. c7 1-0

[Event "Landsturneringen 2014"]
[Site "Trondheim, Sør-Trøndelag NOR"]
[Date "2014.07.19"]
[Round "9"]
[White "Drevvatn, Ketil"]
[Black "Lange, Holger"]
[Result "1/2-1/2"]
[WhiteElo "1508"]
[BlackElo "1663"]
[PlyCount "116"]
[EventDate "2014.07.12"]

1. c4 c5 2. Nf3 Nc6 3. g3 Nf6 4. Bg2 e6 5. d3 d5 6. O-O Be7 7. Nc3 O-O 8. cxd5
Nxd5 9. Bd2 Bd7 10. Rb1 Rc8 11. Ne1 Nb6 12. b3 Be8 13. Nc2 Nd5 14. Ne3 Nxe3 15.
Bxe3 b6 16. Ne4 Nb4 17. Nd2 Nxa2 18. Ra1 Nc3 19. Qe1 a5 20. Nc4 Nd5 21. Bd2 Bc6
22. Qc1 Nf6 23. Bxc6 Rxc6 24. f3 Nd7 25. Be3 Bf6 26. Ra2 Ne5 27. Rd1 Nxc4 28.
dxc4 Rd6 29. Rad2 Rxd2 30. Rxd2 Qc8 31. Qd1 Rd8 32. Rxd8+ Qxd8 33. Qxd8+ Bxd8
34. Bd2 f5 35. h3 Bc7 36. Kf2 Kf7 37. Bc3 g6 38. g4 Ke7 39. Ke3 Kd7 40. Kd3 Kc6
41. Kc2 Bf4 42. Kd3 Kd6 43. Be1 Be5 44. Bd2 Ke7 45. Bg5+ Bf6 46. Bf4 e5 47. Be3
Ke6 48. Bd2 Kd6 49. e4 f4 50. Be1 Kc6 51. Kc2 Bd8 52. Bf2 b5 53. Kd3 Be7 54.
Be1 Kb6 55. Bc3 Bd6 56. Be1 Ka6 57. Bf2 b4 58. Kc2 Kb6 1/2-1/2

[Event "Landsturneringen 2014"]
[Site "Trondheim, Sør-Trøndelag NOR"]
[Date "2014.07.19"]
[Round "9"]
[White "Jarve, Edvin"]
[Black "Ruud, Kjetil"]
[Result "1-0"]
[WhiteElo "1372"]
[BlackElo "1288"]
[PlyCount "85"]
[EventDate "2014.07.12"]

1. e4 b6 2. d4 Bb7 3. Nc3 e6 4. a3 d6 5. Nf3 Nd7 6. Bd3 e5 7. d5 Ngf6 8. Bg5 h6
9. Bh4 g5 10. Bg3 h5 11. h3 Bh6 12. Qe2 h4 13. Bh2 a5 14. Nd1 Nc5 15. Bb5+ Nfd7
16. Bxd7+ Qxd7 17. Nd2 g4 18. hxg4 Bxd2+ 19. Kxd2 Ba6 20. Qf3 Rg8 21. b4 Nb7
22. Ne3 O-O-O 23. Qf5 a4 24. Qxd7+ Rxd7 25. f3 f6 26. Bg1 Rh7 27. Bf2 Rgh8 28.
Rh3 Nd8 29. Rah1 c6 30. Rxh4 Rxh4 31. Rxh4 Rf8 32. Rh6 Kd7 33. dxc6+ Nxc6 34.
Nd5 Nd4 35. Bxd4 exd4 36. Nxb6+ Kc6 37. Nxa4 Kb5 38. Nb2 Bb7 39. Kd3 d5 40.
exd5 Bxd5 41. Kxd4 Kc6 42. g5 Be6 43. Rxf6 1-0

[Event "Landsturneringen 2014"]
[Site "Trondheim, Sør-Trøndelag NOR"]
[Date "2014.07.19"]
[Round "9"]
[White "Thorvaldsen, Idun"]
[Black "Tallaksen, Knut Henrik"]
[Result "1-0"]
[WhiteElo "884"]
[BlackElo "972"]
[Annotator "Thorvaldsen,Idun"]
[PlyCount "101"]
[EventDate "2014.07.12"]

1. d4 d5 2. c4 c6 3. Nc3 Nf6 4. Bg5 Nbd7 5. Nf3 h6 6. Bxf6 Nxf6 7. e3 Bg4 8.
Be2 e6 9. Qc2 Qd7 10. Ne5 Bf5 11. Bd3 $2 (11. e4 Bxe4 12. Nxe4 Qc7 {Vinner
offiser med en gang}) 11... Qc8 12. Bxf5 exf5 13. h3 Bb4 14. O-O-O (14. cxd5
cxd5 15. Qa4+) 14... Bxc3 15. Qxc3 Ne4 16. Qc2 a6 17. f3 Nd6 18. g4 fxg4 19.
hxg4 Qe6 20. b3 g5 21. Qd3 f5 22. c5 Nf7 23. Nxf7 Kxf7 24. Qxf5+ Qxf5 25. gxf5
Rae8 26. Rde1 Kf6 27. e4 h5 28. Kd2 g4 29. fxg4 hxg4 30. Rxh8 Rxh8 31. Ke3 Rh3+
32. Kf4 g3 33. e5+ Kf7 34. Rg1 Rh4+ 35. Kg5 Rxd4 36. e6+ Ke7 37. Rxg3 Re4 38.
Rh3 Re2 39. Rh7+ Kd8 40. Rxb7 Rxa2 41. e7+ Ke8 42. f6 Re2 43. Kg6 Re6 44. Rb8+
Kd7 45. Rb7+ Kc8 46. Kf7 Re4 47. Rb6 Kd7 48. Rxa6 d4 49. Ra7+ Kc8 50. e8=Q+
Rxe8 51. Kxe8 1-0

[Event "Landsturneringen 2014"]
[Site "Trondheim, Sør-Trøndelag NOR"]
[Date "2014.07.19"]
[Round "9"]
[White "Lea, Per"]
[Black "Habberstad, Odd"]
[Result "1/2-1/2"]
[WhiteElo "1661"]
[BlackElo "1518"]
[PlyCount "44"]
[EventDate "2014.07.12"]

1. e4 c6 2. d4 d5 3. Nc3 dxe4 4. Nxe4 Nf6 5. Nxf6+ exf6 6. Bc4 Qe7+ 7. Qe2 Be6
8. Bb3 Na6 9. Bf4 Nb4 10. c3 $2 Bxb3 11. cxb4 (11. axb3 $4 Nd3+ $19) 11...
Qxe2+ 12. Kxe2 $2 (12. Nxe2 Bd5 13. b5 Bxg2 14. Rg1 Bd5 15. Nc3 $17) 12... Bd5
13. Nf3 Bxb4 14. a3 Be7 15. Rhg1 Kd7 16. Nd2 Rhe8 17. Kd3 g5 18. Bg3 f5 19. f3
f4 20. Bf2 b5 21. Ne4 f5 22. Nc5+ Bxc5 $2 (22... Kc7 23. Rge1 $17) 1/2-1/2

[Event "Landsturneringen 2014"]
[Site "Trondheim, Sør-Trøndelag NOR"]
[Date "2014.07.19"]
[Round "9"]
[White "Bakken, Svein-Erik"]
[Black "Hope, Lars"]
[Result "1/2-1/2"]
[WhiteElo "1401"]
[BlackElo "1027"]
[PlyCount "56"]
[EventDate "2014.07.12"]

1. d4 Nf6 2. c4 g6 3. Nc3 Bg7 4. e4 O-O 5. Be2 d6 6. f4 c5 7. Nf3 cxd4 8. Nxd4
Nc6 9. Nxc6 bxc6 10. O-O Bb7 11. Be3 Qc7 12. Rc1 Rfd8 13. Rc2 a6 14. Na4 c5 15.
Nc3 Rac8 16. Nd5 Nxd5 17. exd5 Rf8 18. f5 Rce8 19. fxg6 hxg6 20. Qd2 e5 21. Bh6
f5 22. Qg5 Qf7 23. Rc3 Bxh6 24. Qxh6 Qh7 25. Qg5 Qg7 26. Rh3 Qf6 27. Qh6 Qg7
28. Qg5 Qf6 1/2-1/2

[Event "Landsturneringen 2014"]
[Site "Trondheim, Sør-Trøndelag NOR"]
[Date "2014.07.19"]
[Round "9"]
[White "Lange, Magnus Øyvind"]
[Black "Thorvaldsen, Thomas"]
[Result "1/2-1/2"]
[WhiteElo "655"]
[BlackElo "1058"]
[PlyCount "89"]
[EventDate "2014.07.12"]

1. e4 c5 2. Nc3 d6 3. Nf3 Bg4 4. Be2 Nc6 5. d3 Bxf3 6. Bxf3 Nf6 7. Bg5 e5 8.
Bxf6 Qxf6 9. Nd5 Qd8 10. g3 Ne7 11. Nxe7 Qxe7 12. Bg2 g6 13. c4 Qc7 14. Qa4+
Qc6 15. Qxc6+ bxc6 16. Bh3 Rd8 17. O-O d5 18. exd5 cxd5 19. cxd5 Rxd5 20. Rfd1
Bg7 21. Bg2 Rd6 22. Rac1 e4 23. Bxe4 Bxb2 24. Rxc5 Ra6 25. Re1 Kd8 26. Bd5 f5
27. Re2 Bg7 28. Rd2 Re8 29. Kf1 Re5 30. d4 Re7 31. Bc4 Rd6 32. d5 Rb6 33. d6
Rd7 34. Rcd5 Bf8 35. Bb5 Rdxd6 36. Rxd6+ Rxd6 37. Rxd6+ Bxd6 38. Ke2 Bc5 39. f3
h6 40. g4 f4 41. h4 Be7 42. h5 gxh5 43. gxh5 Bh4 44. Kd3 Ke7 45. Ke4 1/2-1/2